Fast typing : colors - Statistics

General Stats
  • This quiz has been taken 109 times
  • The average score is 8 of 12
Answer Stats
Colors % Correct
Red
96%
Blue
89%
Yellow
89%
Green
88%
Orange
82%
Black
71%
Purple
68%
Pink
64%
White
64%
Brown
39%
Grey
20%
Beige
0%
No matching quizzes found
Score Distribution
Percent of People with Each Score
Percentile by Number Answered
Your Score History
You have not taken this quiz